000 00389 a2200145 4500
001 176753
020 _a
040 _cMagnum
100 _aMurad, Jose Elias
240 1 0 _aManual de instrucoes sobre o uso correto de medicamentos
_lpor
245 1 0 _aManual de instrucoes sobre o uso correto de medicamentos
362 0 _a1899
697 _aMAGNITO: CIENCIAS MEDICAS SAUD
942 _cBK
999 _c176753
_d176753